| 000 | 00381cam a2200157ua 4500 | ||
|---|---|---|---|
| 003 | OSt | ||
| 005 | 20260221113819.0 | ||
| 008 | 260221b |||||||| |||| 00| 0 eng d | ||
| 041 | _aeng | ||
| 082 |
_a666.3 _bBOS/PO |
||
| 100 |
_aBose, H.N . _97887 |
||
| 245 | _aPottery Management / | ||
| 260 |
_aBhagalpur : _bCeramic publishing house , _c1948. |
||
| 300 | _a185 ; . | ||
| 942 | _cBK | ||
| 999 |
_c935 _d935 |
||